[Event "Santa Margalida Mallorca-ch"]
[Site "Santa Margalida"]
[Date "2016.12.03"]
[Round "8"]
[White "Colom Rotger, Marc"]
[Black "Mateu Moya, Pedro"]
[Result "1/2-1/2"]
[WhiteElo "1273"]
[BlackElo "1643"]
[PlyCount "24"]
[EventDate "2016.11.11"]
[EventType "swiss"]
[EventRounds "8"]
[EventCountry "ESP"]
[SourceTitle "EXT 2018"]
[Source "ChessBase"]
[SourceDate "2017.10.13"]
[SourceVersion "1"]
[SourceVersionDate "2017.10.13"]
[SourceQuality "1"]

1. d4 d5 2. c4 dxc4 3. Nc3 Nf6 4. Bg5 h6 5. Bxf6 exf6 6. e4 c5 7. dxc5 Qxd1+ 8. Rxd1 Bxc5 9. Bxc4 0-0 10. Nf3 Be6 11. Bxe6 fxe6 12. 0-0 Nc6 1/2-1/2